Estadísticas para Países Menos Forestados

Haz click aquí para intentar la prueba.

Estadísticas generales

  • Esta prueba ha sido intentada 1.469 veces
  • La puntuación promedio es 13 de 21

Estadísticas de respuestas

%País% Correcto
0.45Arabia Saudita
85%
0.07Egipto
82%
1.04Yemen
79%
0Catar
78%
0.006Omán
78%
0.82Argelia
77%
1.88Irak
76%
0.12Libia
75%
0.78Baréin
71%
0.35Kuwait
69%
1.09Jordania
63%
0Vaticano
62%
0.22Mauritania
61%
0Mónaco
58%
0.90Níger
56%
1.67Pakistán
38%
0.24Yibuti
36%
0.48Islandia
35%
1.11Malta
35%
1.21Kazajistán
34%
1.61Lesoto
16%

Distribución de puntuación

Porcentaje por número respondido

Porcentaje de gente con cada puntuación

Historial de tus puntuaciones

No has intentado esta prueba.